000
00330nam a22001457a 4500
008
210322b ||||| |||| 00| 0 eng d
020
_a
9781401852238
041
_a
eng
080
_2
4th
_a
61
082
_a
61
100
_a
3
101
_a
SHM
245
_a
Equipment Theory for Respiratory Care
_c
White, G. C
942
_2
udc
_c
BK
999
_c
56641
_d
56641